NCAA Basketball Teams Starting with F - Statistics

General Stats
  • This quiz has been taken 42 times
  • The average score is 8 of 11
Answer Stats
Conference Team % Correct
SEC Florida
97%
ACC Florida State
97%
The American Florida Atlantic
85%
Atlantic 10 Fordham
85%
Mountain West Fresno State
82%
Conference USA Florida Intl.
76%
Southern Furman
68%
Southwestern Florida A&M
65%
Atlantic Sun Florida Gulf Coast
59%
Metro Atlantic Fairfield
53%
Northeast Fairleigh Dickinson
44%
No matching quizzes found
Score Distribution
Percent of People with Each Score
Percentile by Number Answered
Your Score History
You have not taken this quiz